=LDR 00000nam 2200000 4500 =001 NUTBA000000000001174 =005 20140415132255.0 =006 =007 =008 =020 ##$$a 978-979-799-043-5 =035 ##$$a 0010-041400000000444 =040 ##$$a Ind =082 ##$$a 650.1 =090 ##$$a 650.1$bKar l =100 ##$$a Kartono, salim =245 ##$$a 5 Jurusan sukses$b Berbisnis retail di modern market$cSalim kartono =250 ##$$a Cet.1 =260 ##$$a Jakarta$bTrans media$c2007. =300 ##$$a Xiv,165 HLm$bIlus$c21 cm. =850 ##$$a NBPNMAT =990 ##$$a 20903412 =990 ##$$a 93936/BPAP-NTB/2014